Espacos de formacao do professor de história
محفوظ في:
| المؤلفون الرئيسيون: | , |
|---|---|
| التنسيق: | كتاب |
| اللغة: | البرتغالية |
| منشور في: |
Campinas
Papirus
2008
|
| سلاسل: | Magisterio: Formacao e trabalho Pedagógico
|
| الموضوعات: | |
| الوسوم: |
إضافة وسم
لا توجد وسوم, كن أول من يضع وسما على هذه التسجيلة!
|
MARC
| LEADER | 00000nam a2200000 a 4500 | ||
|---|---|---|---|
| 001 | UCH9264 | ||
| 003 | CL-VaPUC | ||
| 008 | 091231e20080000BL |||||||||||||||||por|d | ||
| 020 | |a 9788530808754 | ||
| 082 | 0 | 4 | |a 370.71 |b ZAM |2 21 |
| 100 | 0 | |a Zamboni, Ernesta |e author |9 546206 | |
| 700 | 0 | |a Guimaraes Fonseca, Selva |e author |9 546207 | |
| 245 | 1 | 0 | |a Espacos de formacao do professor de história |
| 300 | |a 280 p | ||
| 942 | |c BK | ||
| 945 | |d 20091231 00:00:00 |a rbrito | ||
| 260 | |a Campinas |b Papirus |c 2008 | ||
| 650 | 0 | |a Enseñanza de la historia |9 307330 | |
| 650 | 0 | |a Formación profesional de profesores |9 307493 | |
| 650 | 7 | |a PROFESORES DE HISTORIA |2 CL-VaPUC |9 546208 | |
| 650 | 0 | |a Métodos de enseñanza |9 270413 | |
| 583 | |a last modification |c 20091231 00:00:00 |k Rodrigo Vera | ||
| 490 | 0 | |a Magisterio: Formacao e trabalho Pedagógico | |
| 999 | |c 339279 |d 339277 | ||
| 952 | |0 0 |1 0 |4 0 |6 370_710000000000000_ZAM_2008 |7 0 |8 A |9 432830 |a BIBHIS |b BIBHIS |d 2019-11-22 |i 4629183 |o 370.71 ZAM 2008 |p 4629183 |r 2025-01-20 |w 2019-11-22 |y BK |k HIS | ||